000 00487nam a2200181Ia 4500
003 GCL
008 140319s9999 xx 000 0 ara d
040 _aGCL /
_cGCL
082 0 4 _aط
_b813.087
_bح م
100 1 _aخالد المطلبى
245 1 0 _aمذكرات بانكا /
_cخالد المطلبى
300 _a150 ص
490 _aمكتبة المغامرات
_v0
650 0 4 _aالاطفال
650 0 4 _aالقصص
650 0 4 _aقصص الاطفال
942 _2ddc
_cBK
999 _c44572
_d44572